Biblioteka Instytutu Północnego w Olsztynie

Widok standardowy Widok MARC

Pozycja Personal Name

Liczba rekordów, w których użyto hasła: 15

001 - Numer kontrolny

  • control field: 7900

003 - Identyfikator numeru kontrolnego

  • control field: NUKAT

005 - Data i czas ostatniej modyfikacji

  • control field: 20250818220029.0

008 - Dane kontrolne kodowane (40 znaków)

  • fixed length control field: 940210n||a|znnaabn |a aaa |c

010 ## - Numer kontrolny Biblioteki Kongresu

  • numer kontrolny LC: n 94002847

024 7# - OTHER STANDARD IDENTIFIER

  • Standard number or code: 12318802
  • Source of number or code: viaf
  • : http://viaf.org/viaf/12318802

024 7# - OTHER STANDARD IDENTIFIER

  • Standard number or code: 0000000120991305
  • Source of number or code: isni
  • : https://isni.org/isni/0000000120991305

024 7# - OTHER STANDARD IDENTIFIER

  • Standard number or code: Q11686125
  • Source of number or code: wikidata
  • : http://www.wikidata.org/entity/Q11686125

040 ## - Instytucja sporządzająca rekord

  • inst. przygot. dane do rek. khw: WA U/MW
  • język haseł przedmiotowych/tezaurus: kaba
  • inst. wprow. rek. khw: WA U/EK
  • inst. modyf. rek. khw: LUBL U/MGas
  • inst. modyf. rek. khw: WA M/IW
  • inst. modyf. rek. khw: WA U/MJK
  • inst. modyf. rek. khw: WA U/MAD
  • inst. modyf. rek. khw: TOR U/AKr

046 ## - Special dates

  • Birth date: 1924
  • Death date: 2008

100 1# - Hasło - nazwa osobowa

  • nazwa osobowa w formie ujednoliconej: Wyczański, Andrzej
  • daty biograficzne: (1924-2008).

372 ## - Field of activity

  • Field: Historia.
  • Auth control #: http://nukat.edu.pl/aut/s 94205867
  • Source of term: kaba

372 ## - Field of activity

  • Field: Historia nowożytna.
  • Auth control #: http://nukat.edu.pl/aut/s 94013699
  • Source of term: kaba

372 ## - Field of activity

  • Field: Historia.
  • Auth control #: http://nukat.edu.pl/aut/s 94205867
  • Source of term: kaba

374 ## - Occupation

  • Occupation: Historycy.
  • Auth control #: http://nukat.edu.pl/aut/s 94205772
  • Source of term: kaba

400 1# - Trop zob. - nazwa osobowa

  • nazwa osobowa (nazwisko, imiona): Wyczański, Andreas.

400 1# - Trop zob. - nazwa osobowa

  • nazwa osobowa (nazwisko, imiona): Vyčan'ski, Andžeâ.

400 1# - Trop zob. - nazwa osobowa

  • nazwa osobowa (nazwisko, imiona): Wyczański, A.

670 ## - Źródło informacji

  • źródło informacji: KjK 2

670 ## - Źródło informacji

  • źródło informacji: INP'90

670 ## - Źródło informacji

  • źródło informacji: Kp. Acta Tomiciana. T. 18 / per Stanislaum Górski. - Kórnik, 1999.
  • gdzie znaleziono informację: Oprac.

670 ## - Źródło informacji

  • źródło informacji: Gazeta Wyborcza Stołeczna, 26.03.2008

670 ## - Źródło informacji

  • źródło informacji: Kp. Istoričeskaâ nauka v Narodnoj Pol'še v 1945-1969 gg. : sbornik na XII Meždunarodnyj kongress istoričeskih nauk v Moskve / pod red. Zbigneva Pustuly i Andžeâ Vyčan'skogo. - Varšava, 1970.

670 ## - Źródło informacji

  • źródło informacji: Badania historyczne w Polsce w latach 1945-1969 i ich rozwój / J. Topolski. - Warszawa, 1970.
  • gdzie znaleziono informację: (Wyczański, A.)

675 ## - Źródło nie podające informacji

  • wskazanie źródła: OPALE(P)'1999
Biblioteka Instytutu Północnego, ul. Partyzantów 87, 10-402 Olsztyn, email: biblioteka(at)ip.olsztyn.pl